| 000 | 00768nam a22002177a 4500 | ||
|---|---|---|---|
| 003 | 0 | ||
| 005 | 20241011101736.0 | ||
| 008 | 241011b xxu||||| |||| 00| 0 eng d | ||
| 020 | _a9781501357794 | ||
| 050 |
_aML 3797 _b.T56 2022 |
||
| 100 |
_aThomas, Simon Zagorski-, _eauthor. |
||
| 245 |
_aPractical musicology / _cSimon Zagorski-Thomas. |
||
| 260 |
_aNew York : _bBloomsbury Academic, _c2022. |
||
| 300 |
_avii, 237 p. : _bill. ; _c24 cm. |
||
| 490 | _a21st century music practices | ||
| 504 | _aIncludes bibliographical references and index. | ||
| 520 | _a"A theoretical framework for studying how music is made as opposed to what is produced"-- Provided by publisher. | ||
| 650 | _aMusicology. | ||
| 650 |
_aMusic _vPerformance _xResearch. |
||
| 942 |
_2lcc _cBK |
||
| 999 |
_c366506 _d366506 |
||